[Event "Tradewise Gibraltar 2016 - Chalengers A"]
[Site "Gibraltar ENG"]
[Date "2016.01.25"]
[Round "1.1"]
[White "Carlsten, Peter"]
[Black "Menna Barreto, Felipe Kubiaki"]
[Result "0-1"]
[WhiteElo "2074"]
[BlackElo "2247"]
[PlyCount "66"]
[EventDate "2016.01.25"]
[EventType "swiss"]
[EventRounds "5"]
[EventCountry "ENG"]
[Source "lmi"]
[SourceDate "2016.01.25"]

1. e4 c5 2. Nf3 d6 3. d4 cxd4 4. Nxd4 Nf6 5. Nc3 a6 6. Bg5 e6 7. Qf3 h6 8. Bh4
Nbd7 9. O-O-O Qc7 10. Be2 Be7 11. Qe3 b5 12. a3 Bb7 13. Bg3 Rc8 14. f3 O-O 15.
Bd3 Qb6 16. Bf2 Ng4 17. fxg4 Bg5 18. Qxg5 hxg5 19. Be3 Ne5 20. h4 Rxc3 21. bxc3
Rc8 22. Rh3 Qa5 23. Ne2 Qxa3+ 24. Kd2 Nc4+ 25. Ke1 Nxe3 26. Rxe3 gxh4 27. Rh3
Rc5 28. Rxh4 Re5 29. Kd2 Bxe4 30. Rdh1 f6 31. Bxe4 Rxe4 32. Rh8+ Kf7 33. g5 Qc5
0-1

[Event "Tradewise Gibraltar 2016 - Chalengers A"]
[Site "Gibraltar ENG"]
[Date "2016.01.25"]
[Round "1.2"]
[White "Longa Yauca, Javier"]
[Black "Kozarcanin, Sead"]
[Result "1-0"]
[WhiteElo "2234"]
[BlackElo "2073"]
[PlyCount "81"]
[EventDate "2016.01.25"]
[EventType "swiss"]
[EventRounds "5"]
[EventCountry "ENG"]
[Source "lmi"]
[SourceDate "2016.01.25"]

1. d4 Nf6 2. Nf3 d5 3. c4 e6 4. Nc3 c6 5. e3 a6 6. a4 Bb4 7. Bd2 c5 8. dxc5 Nc6
9. Rc1 dxc4 10. Bxc4 Bxc5 11. O-O O-O 12. e4 e5 13. Bg5 Be7 14. h3 Qa5 15. Nd5
Nxd5 16. exd5 Bxg5 17. Nxg5 Nd4 18. Qe1 Qxe1 19. Rfxe1 h6 20. Ne4 b5 21. Ba2
Rd8 22. Nc5 f6 23. f4 exf4 24. Ne6 Bxe6 25. dxe6 Kh8 26. e7 Re8 27. Bf7 Nf5 28.
Rc7 Kh7 29. a5 Ne3 30. b4 g5 31. Rec1 Nc4 32. Rd1 Kg7 33. Bh5 Ne5 34. Bxe8 Rxe8
35. Rd8 Kf7 36. Rxe8 Kxe8 37. Ra7 Nd7 38. Rxa6 Kxe7 39. Ra7 Kd8 40. a6 Ne5 41.
Rh7 1-0

[Event "Tradewise Gibraltar 2016 - Chalengers A"]
[Site "Gibraltar ENG"]
[Date "2016.01.25"]
[Round "1.3"]
[White "Wilen, Eero"]
[Black "House, Glenn L"]
[Result "0-1"]
[WhiteElo "2065"]
[BlackElo "2226"]
[PlyCount "64"]
[EventDate "2016.01.25"]
[EventType "swiss"]
[EventRounds "5"]
[EventCountry "ENG"]
[Source "lmi"]
[SourceDate "2016.01.25"]

1. d4 Nf6 2. c4 e6 3. Nc3 Bb4 4. e3 c5 5. Bd3 Nc6 6. Nge2 cxd4 7. exd4 d5 8.
O-O dxc4 9. Bxc4 O-O 10. Bg5 Be7 11. a3 b6 12. Qd3 Bb7 13. Rfd1 Rc8 14. Ba2 Re8
15. Nf4 Nd5 16. Bb1 g6 17. Bh6 Nxc3 18. bxc3 Bg5 19. Qh3 Qf6 20. g3 Bxf4 21.
Bxf4 e5 22. dxe5 Nxe5 23. Ba2 Rc5 24. Rd7 Qc6 25. Rxb7 Qxb7 26. Bxe5 Rcxe5 27.
Qf1 Qe7 28. Kg2 Re1 29. Rxe1 Qxe1 30. Qc4 Qe4+ 31. Qxe4 Rxe4 32. Bb3 Re1 0-1

[Event "Tradewise Gibraltar 2016 - Chalengers A"]
[Site "Gibraltar ENG"]
[Date "2016.01.25"]
[Round "1.4"]
[White "Midonet, Matthieu"]
[Black "Hamer, Martyn"]
[Result "0-1"]
[WhiteElo "2211"]
[BlackElo "2058"]
[PlyCount "76"]
[EventDate "2016.01.25"]
[EventType "swiss"]
[EventRounds "5"]
[EventCountry "ENG"]
[Source "lmi"]
[SourceDate "2016.01.25"]

1. e4 e5 2. Nf3 Nc6 3. Bb5 Nf6 4. d3 Bc5 5. Bxc6 dxc6 6. O-O Nd7 7. Be3 Bd6 8.
Nbd2 O-O 9. Nc4 Re8 10. Qe2 Bf8 11. Nfd2 Nb6 12. Nb3 Nxc4 13. dxc4 b6 14. Rfd1
Qf6 15. c5 Be6 16. f3 Qg6 17. Kh1 f5 18. Nd2 f4 19. Bg1 b5 20. a4 a6 21. Qd3
Qf6 22. Qc3 g5 23. axb5 cxb5 24. Ra5 c6 25. Qa3 Bc8 26. c4 Rb8 27. cxb5 axb5
28. Ra7 Rd8 29. Qb3+ Be6 30. Qc2 h5 31. Nb3 Rxd1 32. Qxd1 Rd8 33. Qc2 g4 34.
Na5 gxf3 35. gxf3 Bh3 36. Nb3 Qg6 37. Qe2 Rd1 38. Qf2 Rf1 0-1

[Event "Tradewise Gibraltar 2016 - Chalengers A"]
[Site "Gibraltar ENG"]
[Date "2016.01.25"]
[Round "1.5"]
[White "Milnes, Anthony C P"]
[Black "Walton, Alan J"]
[Result "1/2-1/2"]
[WhiteElo "2038"]
[BlackElo "2206"]
[PlyCount "78"]
[EventDate "2016.01.25"]
[EventType "swiss"]
[EventRounds "5"]
[EventCountry "ENG"]
[Source "lmi"]
[SourceDate "2016.01.25"]

1. f4 d5 2. Nf3 Bg4 3. e3 e6 4. Be2 Nd7 5. O-O Ngf6 6. Ne5 Bxe2 7. Qxe2 Bd6 8.
Nxd7 Qxd7 9. d3 O-O-O 10. e4 dxe4 11. dxe4 Bc5+ 12. Kh1 h5 13. Nc3 Ng4 14. h3
Qd4 15. Qf3 a6 16. a3 Ba7 17. e5 Qc4 18. b3 Qd4 19. Bb2 Nf2+ 20. Kh2 Ng4+ 21.
Kh1 Qe3 22. Ne4 Qxf3 23. Rxf3 Ne3 24. c4 Rd3 25. b4 Rhd8 26. c5 Rd1+ 27. Kh2
Rxa1 28. Bxa1 Nc4 29. f5 exf5 30. Rxf5 Rd1 31. Rxf7 Rxa1 32. e6 Kd8 33. Rxg7
Rf1 34. g3 Bb8 35. Rg8+ Ke7 36. Rxb8 Kxe6 37. Rxb7 Ke5 38. Ng5 Ne3 39. Rxc7
Rf2+ 1/2-1/2

[Event "Tradewise Gibraltar 2016 - Chalengers A"]
[Site "Gibraltar ENG"]
[Date "2016.01.25"]
[Round "1.6"]
[White "Verneuil, Pascal"]
[Black "Suez-Panama, Gilles"]
[Result "1/2-1/2"]
[WhiteElo "2205"]
[BlackElo "2032"]
[PlyCount "102"]
[EventDate "2016.01.25"]
[EventType "swiss"]
[EventRounds "5"]
[EventCountry "ENG"]
[Source "lmi"]
[SourceDate "2016.01.25"]

1. e4 e6 2. d4 d5 3. e5 c5 4. Nf3 Nc6 5. Bd3 cxd4 6. O-O Nge7 7. Bf4 Ng6 8. Bg3
Qb6 9. Nbd2 Qxb2 10. Nb3 Bd7 11. h4 f6 12. Bxg6+ hxg6 13. Nbxd4 Nxd4 14. Nxd4
Bc5 15. Nf3 O-O-O 16. Rb1 Qxa2 17. Qd3 f5 18. Rb3 Qa4 19. Qd2 Bc6 20. Ng5 Rhe8
21. Re1 Rd7 22. Nh3 a5 23. Reb1 b6 24. Nf4 Qd4 25. Rd3 Qe4 26. Re1 Qb4 27. Qc1
Bb5 28. Rb3 Qc4 29. Nd3 Bd4 30. Nb2 Qc6 31. Qd2 Bc5 32. Nd3 Bc4 33. Nxc5 Qxc5
34. Rbb1 Rb7 35. Bf4 Rd8 36. Red1 d4 37. c3 Rbd7 38. Qe1 dxc3 39. Rxd7 Rxd7 40.
Qxc3 Rd3 41. Qe1 a4 42. Be3 Qxe5 43. Rxb6 Bb3 44. Rc6+ Kd7 45. Rc1 Qd6 46. Qa5
Rd1+ 47. Rxd1 Qxd1+ 48. Kh2 Qd5 49. Qa7+ Kc6 50. Qa6+ Kd7 51. Qa7+ Kc6 1/2-1/2

[Event "Tradewise Gibraltar 2016 - Chalengers A"]
[Site "Gibraltar ENG"]
[Date "2016.01.25"]
[Round "1.7"]
[White "Gostelow, David W"]
[Black "Bendayan Claros, Aaron"]
[Result "1/2-1/2"]
[WhiteElo "2023"]
[BlackElo "2204"]
[PlyCount "118"]
[EventDate "2016.01.25"]
[EventType "swiss"]
[EventRounds "5"]
[EventCountry "ENG"]
[Source "lmi"]
[SourceDate "2016.01.25"]

1. d4 d5 2. Nf3 Nf6 3. Bf4 c5 4. e3 Nc6 5. Nbd2 Bf5 6. dxc5 Qa5 7. Nd4 Bg4 8.
f3 Bd7 9. N4b3 Qd8 10. Bb5 Rc8 11. e4 dxe4 12. Nxe4 Nxe4 13. fxe4 e5 14. Bg3
Be7 15. O-O O-O 16. c3 f6 17. Qd5+ Kh8 18. Rad1 Bg4 19. Qxd8 Rfxd8 20. Rxd8+
Nxd8 21. Bf2 Kg8 22. h3 Bh5 23. g4 Bg6 24. Bc4+ Bf7 25. Bd5 Rc7 26. Rd1 Ne6 27.
Be3 Kf8 28. Kf2 Ke8 29. Kg3 Nf8 30. h4 Nd7 31. Kf3 Nb8 32. a4 Kf8 33. a5 Be8
34. c4 Na6 35. Rd2 Nb4 36. g5 Ba4 37. Nc1 Na6 38. b3 Be8 39. gxf6 Bxf6 40. Kg3
Ke7 41. Nd3 Bg6 42. b4 Nb8 43. Bg5 Ke8 44. Bxf6 gxf6 45. Rf2 Ke7 46. Kg4 h5+
47. Kh3 Nd7 48. Rg2 Nf8 49. Kg3 Be8 50. Kf3 Ng6 51. Kg3 Bd7 52. Rf2 Be8 53. Rf1
Bd7 54. Rf2 Bc8 55. Rf1 Bd7 56. Rf2 Bc8 57. Rf1 Bg4 58. Rf2 Bd7 59. Rf1 Bg4
1/2-1/2

[Event "Tradewise Gibraltar 2016 - Chalengers A"]
[Site "Gibraltar ENG"]
[Date "2016.01.25"]
[Round "1.8"]
[White "Pinho, Paulo"]
[Black "Odeh, Kenneth"]
[Result "1/2-1/2"]
[WhiteElo "2197"]
[BlackElo "2014"]
[PlyCount "102"]
[EventDate "2016.01.25"]
[EventType "swiss"]
[EventRounds "5"]
[EventCountry "ENG"]
[Source "lmi"]
[SourceDate "2016.01.25"]

1. d4 Nf6 2. c4 e6 3. Nf3 d5 4. g3 dxc4 5. Bg2 Bb4+ 6. Nc3 O-O 7. O-O Nbd7 8.
Qc2 Nb6 9. a3 Bxc3 10. bxc3 Bd7 11. a4 Bc6 12. a5 Nc8 13. Re1 Be4 14. Qb2 a6
15. Bg5 h6 16. Bxf6 gxf6 17. Nh4 Bxg2 18. Nxg2 b6 19. Qd2 Kg7 20. e4 b5 21. e5
f5 22. Nf4 Ne7 23. Nh5+ Kh7 24. Nf6+ Kg7 25. g4 Nd5 26. g5 Nxf6 27. exf6+ Kg6
28. h4 h5 29. Re5 c6 30. Qf4 Qd7 31. Rae1 Rfe8 32. Qf3 Rac8 33. Rc5 Rc7 34.
Ree5 Rcc8 35. Kg2 Rh8 36. Qe3 Rhe8 37. Kg3 Rh8 38. f3 Rhe8 39. Qd2 Rh8 40. Qb2
Rhe8 41. Qb4 Rcd8 42. Kf4 Qc7 43. Ke3 Rd5 44. Kd2 Red8 45. Kc2 Qd7 46. Rcxd5
cxd5 47. Kb2 Qd6 48. Ka3 Kh7 49. f4 Kg6 50. Qxd6 Rxd6 51. Kb4 Rc6 1/2-1/2

[Event "Tradewise Gibraltar 2016 - Chalengers A"]
[Site "Gibraltar ENG"]
[Date "2016.01.25"]
[Round "1.9"]
[White "Maloberti, David"]
[Black "Gaerths, Ronny"]
[Result "1-0"]
[WhiteElo "2006"]
[BlackElo "2192"]
[PlyCount "93"]
[EventDate "2016.01.25"]
[EventType "swiss"]
[EventRounds "5"]
[EventCountry "ENG"]
[Source "lmi"]
[SourceDate "2016.01.25"]

1. d4 d6 2. c4 e5 3. Nf3 exd4 4. Nxd4 g6 5. e4 Bg7 6. Be2 Ne7 7. O-O Nbc6 8.
Be3 O-O 9. Nc3 f5 10. exf5 Bxd4 11. Bxd4 Nxf5 12. Be3 Nxe3 13. fxe3 Be6 14. Nd5
Ne5 15. Rxf8+ Kxf8 16. Qd4 b6 17. Rf1+ Kg7 18. b3 Rc8 19. Bf3 c5 20. Qc3 Bxd5
21. Bxd5 Rc7 22. Qd2 Qg5 23. Qf2 Rc8 24. Qf4 Qe7 25. Qe4 Rf8 26. Rf4 Rf6 27. a3
g5 28. Rf5 h6 29. h3 Qf8 30. Be6 Qe7 31. Bd5 a6 32. Kh2 Rf8 33. Kg1 Qd7 34. g4
Rxf5 35. gxf5 Kf6 36. Be6 Qc6 37. Bd5 Qc7 38. Be6 Qb8 39. Qd5 b5 40. Bd7 Qf8
41. Qe6+ Kg7 42. cxb5 axb5 43. Bxb5 Qd8 44. a4 g4 45. hxg4 Qh4 46. f6+ Kh7 47.
Bd3+ 1-0

[Event "Tradewise Gibraltar 2016 - Chalengers A"]
[Site "Gibraltar ENG"]
[Date "2016.01.25"]
[Round "1.10"]
[White "Gueler, Sebastian"]
[Black "Burke, Mitchell R"]
[Result "1-0"]
[WhiteElo "2189"]
[BlackElo "2002"]
[PlyCount "150"]
[EventDate "2016.01.25"]
[EventType "swiss"]
[EventRounds "5"]
[EventCountry "ENG"]
[Source "lmi"]
[SourceDate "2016.01.25"]

1. c4 g6 2. Nf3 Bg7 3. g3 d6 4. Bg2 Nf6 5. d4 O-O 6. O-O Nbd7 7. Nc3 e5 8. e4
exd4 9. Nxd4 Re8 10. Re1 a6 11. Rb1 Rb8 12. h3 c5 13. Nc2 Ne5 14. b3 Nc6 15. a4
h5 16. Bf4 Nh7 17. Qd2 Be5 18. Rbd1 Be6 19. Be3 Qa5 20. Nd5 Bxd5 21. Qxd5 Nf6
22. Qd3 Bc3 23. Bd2 Bxd2 24. Qxd2 Rbd8 25. Qxa5 Nxa5 26. Rd3 Re6 27. h4 Rde8
28. f3 Nd7 29. Bh3 Ne5 30. Rc3 R6e7 31. Rd1 Rd8 32. Kf2 b6 33. f4 Nec6 34. Re3
b5 35. axb5 axb5 36. cxb5 Nb4 37. Nxb4 cxb4 38. Rd4 Rb7 39. Rxb4 Rdb8 40. Bf1
Nc6 41. Rc4 Na7 42. Rb4 Nxb5 43. Rxb5 Rxb5 44. Bxb5 Rxb5 45. Ke2 Kf8 46. Kd2
Ra5 47. Kc3 f6 48. b4 Ra3+ 49. Kd4 Ra4 50. Kc4 Ke7 51. Kb5 Ra1 52. Kb6 Kd7 53.
Rd3 Re1 54. Rd4 Re3 55. b5 Ke7 56. Kc7 Rc3+ 57. Kb7 Rxg3 58. b6 f5 59. exf5
gxf5 60. Rd5 Ke6 61. Ra5 d5 62. Ka6 d4 63. b7 Rg8 64. Re5+ Kd6 65. Rxf5 d3 66.
Rg5 Rb8 67. Rg3 Ke6 68. Rxd3 Kf5 69. Ka7 Rxb7+ 70. Kxb7 Kxf4 71. Rd4+ Kg3 72.
Kc6 Kf3 73. Kd5 Kg3 74. Ke5 Kf3 75. Rc4 Kg3 1-0

[Event "Tradewise Gibraltar 2016 - Chalengers A"]
[Site "Gibraltar ENG"]
[Date "2016.01.25"]
[Round "1.11"]
[White "Goncalves, Jose Antonio Silvei"]
[Black "Byron, Alan M"]
[Result "1-0"]
[WhiteElo "1984"]
[BlackElo "2175"]
[PlyCount "75"]
[EventDate "2016.01.25"]
[EventType "swiss"]
[EventRounds "5"]
[EventCountry "ENG"]
[Source "lmi"]
[SourceDate "2016.01.25"]

1. d4 Nf6 2. c4 g6 3. Nc3 Bg7 4. e4 d6 5. Be2 O-O 6. Bg5 c6 7. Qd2 e5 8. d5 c5
9. h4 Na6 10. Nh3 Nc7 11. f3 a6 12. a4 b6 13. Nf2 Rb8 14. h5 Qe7 15. O-O-O b5
16. Rh2 b4 17. Nb1 Qd7 18. b3 Nxh5 19. g4 Nf4 20. Rdh1 f6 21. Bxf4 exf4 22.
Qxf4 h6 23. Nd3 a5 24. Qg3 Ba6 25. Nf4 Kf7 26. Bd3 g5 27. Nh5 Rh8 28. f4 Rbf8
29. Nxg7 Kxg7 30. e5 gxf4 31. Qxf4 dxe5 32. Qe4 Qf7 33. Qe3 Qe7 34. Bf5 Bc8 35.
Rxh6 Bxf5 36. gxf5 Rfg8 37. Qg3+ Kf7 38. Rh7+ 1-0

[Event "Tradewise Gibraltar 2016 - Chalengers A"]
[Site "Gibraltar ENG"]
[Date "2016.01.25"]
[Round "1.12"]
[White "Gonzalez Gonzalez, Alfonso"]
[Black "Roman Lopez, Jesus"]
[Result "1-0"]
[WhiteElo "2173"]
[BlackElo "1984"]
[PlyCount "77"]
[EventDate "2016.01.25"]
[EventType "swiss"]
[EventRounds "5"]
[EventCountry "ENG"]
[Source "lmi"]
[SourceDate "2016.01.25"]

1. d4 d5 2. c4 dxc4 3. Nf3 c5 4. d5 Nf6 5. Nc3 e6 6. e4 exd5 7. exd5 Bd6 8.
Bxc4 O-O 9. O-O Bg4 10. Bg5 Nbd7 11. Be2 Re8 12. h3 Bh5 13. Qd2 a6 14. a4 Qb6
15. a5 Qc7 16. Rfc1 Ne4 17. Nxe4 Rxe4 18. Be3 Rae8 19. Ng5 Rxe3 20. fxe3 Bxe2
21. Qxe2 Bf4 22. Nf3 Bxe3+ 23. Kf1 Nf6 24. Re1 Qf4 25. Ra3 Nxd5 26. Rd3 Qe4 27.
Qd1 Qc4 28. Qb3 Qxb3 29. Rxb3 Re7 30. Rd1 Rd7 31. Rxd5 Rxd5 32. Rxe3 Kf8 33.
Ke2 c4 34. Re5 Rb5 35. Rxb5 axb5 36. Nd4 b4 37. Nf5 h5 38. Nd6 Ke7 39. Nxc4 1-0

[Event "Tradewise Gibraltar 2016 - Chalengers A"]
[Site "Gibraltar ENG"]
[Date "2016.01.25"]
[Round "1.13"]
[White "Brown, David"]
[Black "Ajele, Rotimi"]
[Result "0-1"]
[WhiteElo "1982"]
[BlackElo "2163"]
[PlyCount "90"]
[EventDate "2016.01.25"]
[EventType "swiss"]
[EventRounds "5"]
[EventCountry "ENG"]
[Source "lmi"]
[SourceDate "2016.01.25"]

1. e4 e5 2. Nf3 Nf6 3. Nxe5 d6 4. Nf3 Nxe4 5. Qe2 Qe7 6. d3 Nf6 7. Bg5 Qxe2+ 8.
Bxe2 Be7 9. Nc3 Bd7 10. O-O-O Nc6 11. Rhe1 O-O-O 12. d4 h6 13. Bxf6 Bxf6 14.
Nd5 Bg5+ 15. Nxg5 hxg5 16. h3 Rde8 17. c3 Nd8 18. Bf3 Ne6 19. Nb4 Nf4 20. Rxe8+
Rxe8 21. Nd3 Ng6 22. Re1 Nh4 23. Rxe8+ Bxe8 24. Ne1 Nxf3 25. Nxf3 f6 26. Kd2
Bc6 27. Ke3 Bd5 28. a3 Kd7 29. g3 Ke6 30. Ne1 a5 31. f4 gxf4+ 32. Kxf4 g5+ 33.
Ke3 Kf5 34. Nd3 Bg2 35. Nf2 Ke6 36. Kd3 f5 37. Ke3 a4 38. c4 Bf1 39. d5+ Ke5
40. Nd3+ Bxd3 41. Kxd3 f4 42. g4 b5 43. cxb5 Kxd5 44. Ke2 Ke4 45. Kf2 d5 0-1

[Event "Tradewise Gibraltar 2016 - Chalengers A"]
[Site "Gibraltar ENG"]
[Date "2016.01.25"]
[Round "1.14"]
[White "Ranaivoharisoa, Alain"]
[Black "Marcos Herrero, Francisco"]
[Result "1-0"]
[WhiteElo "2160"]
[BlackElo "1982"]
[PlyCount "39"]
[EventDate "2016.01.25"]
[EventType "swiss"]
[EventRounds "5"]
[EventCountry "ENG"]
[Source "lmi"]
[SourceDate "2016.01.25"]

1. e4 c5 2. Nf3 g6 3. d4 cxd4 4. Nxd4 Nc6 5. c4 Nf6 6. Nc3 d6 7. Be2 Nxd4 8.
Qxd4 Bg7 9. O-O O-O 10. Bg5 Bd7 11. Qd2 a5 12. Rfd1 a4 13. e5 Ng4 14. exd6 Qb6
15. Bxg4 Bxg4 16. dxe7 Rfe8 17. Re1 Rac8 18. Rac1 Bd4 19. Nd5 Qxb2 20. Rc2 1-0

[Event "Tradewise Gibraltar 2016 - Chalengers A"]
[Site "Gibraltar ENG"]
[Date "2016.01.25"]
[Round "1.15"]
[White "Eagleton, Greg T"]
[Black "Campbell, Charles"]
[Result "1/2-1/2"]
[WhiteElo "1981"]
[BlackElo "2157"]
[PlyCount "71"]
[EventDate "2016.01.25"]
[EventType "swiss"]
[EventRounds "5"]
[EventCountry "ENG"]
[Source "lmi"]
[SourceDate "2016.01.25"]

1. d4 Nf6 2. c4 e6 3. Nf3 Bb4+ 4. Nbd2 b6 5. g3 Bb7 6. Bg2 O-O 7. O-O Bxd2 8.
Bxd2 d6 9. b4 Nbd7 10. Bc3 Qe7 11. Qb3 d5 12. Ne5 dxc4 13. Qxc4 Bxg2 14. Kxg2
Nxe5 15. dxe5 Nd5 16. Rac1 c5 17. bxc5 bxc5 18. Bd2 Rfc8 19. Rfd1 Rab8 20. e4
Nb6 21. Qa6 Qc7 22. Kg1 Qc6 23. Be3 Qxe4 24. Bxc5 h6 25. Bd6 Rxc1 26. Rxc1 Qb7
27. Qxb7 Rxb7 28. Rb1 Rd7 29. Rb4 f6 30. a4 fxe5 31. Bxe5 Kf7 32. Kg2 Nd5 33.
Rb3 Nb6 34. Rb4 Nd5 35. Rb5 Ne7 36. Bc3 1/2-1/2

[Event "Tradewise Gibraltar 2016 - Chalengers A"]
[Site "Gibraltar ENG"]
[Date "2016.01.25"]
[Round "1.16"]
[White "Lung, Liviu-Catalin"]
[Black "Mottonen, Ari"]
[Result "1/2-1/2"]
[WhiteElo "2141"]
[BlackElo "1981"]
[PlyCount "78"]
[EventDate "2016.01.25"]
[EventType "swiss"]
[EventRounds "5"]
[EventCountry "ENG"]
[Source "lmi"]
[SourceDate "2016.01.25"]

1. e4 c6 2. d4 d5 3. e5 Bf5 4. Nc3 e6 5. g4 Bg6 6. Nge2 Nd7 7. h4 h6 8. Nf4 Bh7
9. Bd3 Bxd3 10. Qxd3 Ne7 11. Be3 Qc7 12. O-O-O O-O-O 13. Kb1 Kb8 14. g5 g6 15.
h5 hxg5 16. Nh3 Rxh5 17. Nxg5 Nf5 18. Rxh5 gxh5 19. Qe2 Bb4 20. Nxf7 Rf8 21.
Ng5 Ng7 22. Qd3 Nb6 23. b3 Qe7 24. Ne2 Nf5 25. c3 Ba3 26. Nh3 c5 27. Bg5 Qe8
28. Nef4 c4 29. Qc2 cxb3 30. axb3 Rf7 31. Ka2 Bf8 32. Nxh5 Rc7 33. N5f4 a5 34.
Nxe6 Qxe6 35. Bd8 Rc6 36. Bxb6 Rxb6 37. Nf4 Qe7 38. Qb2 Qd7 39. Rg1 a4 1/2-1/2

[Event "Tradewise Gibraltar 2016 - Chalengers A"]
[Site "Gibraltar ENG"]
[Date "2016.01.25"]
[Round "1.17"]
[White "Petersson, Baldur Teodor"]
[Black "Spence, David J"]
[Result "1/2-1/2"]
[WhiteElo "1980"]
[BlackElo "2140"]
[PlyCount "55"]
[EventDate "2016.01.25"]
[EventType "swiss"]
[EventRounds "5"]
[EventCountry "ENG"]
[Source "lmi"]
[SourceDate "2016.01.25"]

1. e4 e6 2. b3 d5 3. Bb2 dxe4 4. Nc3 Nf6 5. Qe2 Be7 6. O-O-O O-O 7. g4 Nbd7 8.
h4 a5 9. g5 Nd5 10. a4 b6 11. Nxe4 Ba6 12. Qg4 Bxf1 13. Rxf1 b5 14. h5 bxa4 15.
g6 h6 16. gxf7+ Rxf7 17. Qxe6 Nf4 18. Qg4 axb3 19. Nh3 Nxh3 20. Rxh3 Nf6 21.
Qe6 Nxe4 22. Qxe4 a4 23. Rg1 a3 24. Rxg7+ Rxg7 25. Qe6+ Kh7 26. Qe4+ Kg8 27.
Qe6+ Kh7 28. Qe4+ 1/2-1/2

[Event "Tradewise Gibraltar 2016 - Chalengers A"]
[Site "Gibraltar ENG"]
[Date "2016.01.25"]
[Round "1.18"]
[White "Osuna Vega, Enrique"]
[Black "Bryant, Richard B E"]
[Result "1-0"]
[WhiteElo "2127"]
[BlackElo "1961"]
[PlyCount "55"]
[EventDate "2016.01.25"]
[EventType "swiss"]
[EventRounds "5"]
[EventCountry "ENG"]
[Source "lmi"]
[SourceDate "2016.01.25"]

1. e4 e6 2. d4 d5 3. Bd3 c5 4. exd5 exd5 5. dxc5 Bxc5 6. Nf3 Qe7+ 7. Be2 Nf6 8.
O-O O-O 9. Bg5 Be6 10. Nc3 Rd8 11. Qd3 h6 12. Bh4 Nbd7 13. Rad1 a6 14. Rfe1 Ba7
15. Bf1 Qc5 16. Nd4 Bg4 17. Be2 Bxe2 18. Rxe2 Re8 19. Nf5 Rxe2 20. Nxe2 Ne4 21.
Qd4 Qxd4 22. Nexd4 g5 23. Bg3 Nxg3 24. Nxg3 Nf6 25. Ngf5 h5 26. Kf1 Re8 27. Nd6
Re7 28. Nc8 1-0

[Event "Tradewise Gibraltar 2016 - Chalengers A"]
[Site "Gibraltar ENG"]
[Date "2016.01.25"]
[Round "1.19"]
[White "Tranter, Stephen"]
[Black "Dolzhikova, Olga"]
[Result "1/2-1/2"]
[WhiteElo "1952"]
[BlackElo "2126"]
[PlyCount "65"]
[EventDate "2016.01.25"]
[EventType "swiss"]
[EventRounds "5"]
[EventCountry "ENG"]
[Source "lmi"]
[SourceDate "2016.01.25"]

1. e4 e6 2. d4 d5 3. exd5 exd5 4. Nf3 Bg4 5. Be2 Bd6 6. Bg5 f6 7. Bh4 Ne7 8.
Bg3 Nf5 9. Qd3 Qd7 10. Nc3 c6 11. Bxd6 Nxd6 12. Qe3+ Be6 13. O-O-O O-O 14. h3
b5 15. g4 Re8 16. Qf4 Ne4 17. Nxe4 dxe4 18. Nd2 Bd5 19. Rhe1 Na6 20. c4 bxc4
21. g5 Nb4 22. gxf6 Nxa2+ 23. Kb1 c3 24. Nc4 c2+ 25. Kxc2 Qe6 26. f7+ Qxf7 27.
Qxf7+ Bxf7 28. Nd6 Nb4+ 29. Kd2 Rad8 30. Nxf7 Kxf7 31. Bc4+ Kf6 32. Kc3 Nd5+
33. Kc2 1/2-1/2

[Event "Tradewise Gibraltar 2016 - Chalengers A"]
[Site "Gibraltar ENG"]
[Date "2016.01.25"]
[Round "1.20"]
[White "Paronen, Petteri"]
[Black "George, Lolomari Erekosima"]
[Result "1-0"]
[WhiteElo "2122"]
[BlackElo "1937"]
[PlyCount "101"]
[EventDate "2016.01.25"]
[EventType "swiss"]
[EventRounds "5"]
[EventCountry "ENG"]
[Source "lmi"]
[SourceDate "2016.01.25"]

1. e4 c6 2. d4 d5 3. f3 e6 4. Nc3 Bb4 5. Bf4 Ne7 6. Qd2 O-O 7. a3 Bxc3 8. Qxc3
b6 9. Nh3 Ba6 10. Bxa6 Nxa6 11. Qd3 Qc8 12. Rc1 Rd8 13. e5 c5 14. Ng5 Ng6 15.
Be3 cxd4 16. Bxd4 Nc5 17. Qe3 Nh4 18. Qd2 h6 19. Nh3 Nf5 20. O-O Qc7 21. Rfe1
Rac8 22. Bf2 Nd7 23. g4 Ne7 24. Bg3 b5 25. c3 Qc4 26. Nf2 Nc5 27. Qe3 Nb3 28.
Rcd1 a5 29. Bh4 Re8 30. f4 b4 31. cxb4 axb4 32. Rd3 Nc1 33. Rd4 Qc2 34. Bxe7
Rxe7 35. Rxb4 Rec7 36. Rd1 d4 37. Qd2 Ne2+ 38. Kf1 Qxd2 39. Rxd2 Nxf4 40. Rbxd4
Rc1+ 41. Nd1 Nd5 42. Kf2 Rb8 43. Ne3 Nxe3 44. Kxe3 Rb1 45. Rd8+ Rxd8 46. Rxd8+
Kh7 47. Rb8 Rh1 48. a4 Rxh2 49. a5 Rh4 50. a6 Rxg4 51. a7 1-0

[Event "Tradewise Gibraltar 2016 - Chalengers A"]
[Site "Gibraltar ENG"]
[Date "2016.01.25"]
[Round "1.22"]
[White "Kandic, Milan"]
[Black "Lafortune, Emerick"]
[Result "1-0"]
[WhiteElo "2109"]
[BlackElo "1923"]
[PlyCount "57"]
[EventDate "2016.01.25"]
[EventType "swiss"]
[EventRounds "5"]
[EventCountry "ENG"]
[Source "lmi"]
[SourceDate "2016.01.25"]

1. e4 e5 2. Nf3 Nc6 3. Bc4 Bc5 4. O-O Nf6 5. Nc3 O-O 6. d3 h6 7. Be3 d6 8. Nd5
Nxd5 9. exd5 Bxe3 10. fxe3 Ne7 11. e4 c6 12. dxc6 bxc6 13. Kh1 d5 14. Bb3 Ng6
15. Qe1 Ba6 16. Rd1 Kh7 17. Rf2 Qd6 18. Qa5 Bb7 19. d4 dxe4 20. Nxe5 f5 21.
Nxg6 Kxg6 22. Rdf1 Qxd4 23. Rxf5 c5 24. Bf7+ Kh7 25. Qb5 e3 26. Qe2 a5 27. Qh5
Qxb2 28. Rf6 Qxc2 29. Bg6+ 1-0

[Event "Tradewise Gibraltar 2016 - Chalengers A"]
[Site "Gibraltar ENG"]
[Date "2016.01.25"]
[Round "1.23"]
[White "Boron, Anthony"]
[Black "Omoifo, Osemekhian I"]
[Result "0-1"]
[WhiteElo "1915"]
[BlackElo "2106"]
[PlyCount "106"]
[EventDate "2016.01.25"]
[EventType "swiss"]
[EventRounds "5"]
[EventCountry "ENG"]
[Source "lmi"]
[SourceDate "2016.01.25"]

1. d4 Nf6 2. Nf3 g6 3. Bf4 Bg7 4. e3 O-O 5. Nbd2 c5 6. c3 b6 7. h3 Bb7 8. Be2
Nc6 9. O-O Rc8 10. Rc1 d5 11. Ne5 Nd7 12. Nxd7 Qxd7 13. Nf3 Rfd8 14. Qd2 Qe8
15. Bb5 a6 16. Ba4 b5 17. Bc2 e5 18. Bg5 f6 19. Bh4 exd4 20. exd4 c4 21. Rce1
Qf7 22. Re2 Re8 23. Rfe1 Rxe2 24. Qxe2 Rc7 25. Bg3 Re7 26. Qd2 Rxe1+ 27. Nxe1
Bf8 28. Bd1 Bc8 29. Bf3 Be6 30. Nc2 a5 31. Qf4 b4 32. Ne3 a4 33. Nxc4 a3 34.
cxb4 dxc4 35. bxa3 g5 36. Qe4 Ne7 37. Bh5 Qxh5 38. Qxe6+ Qf7 39. Qg4 Qd5 40. h4
Qf5 41. Qe2 c3 42. Qc4+ Nd5 43. hxg5 fxg5 44. Be5 Qe6 45. b5 Nf4 46. Qc7 Ne2+
47. Kf1 Qxa2 48. b6 c2 49. b7 Qb1+ 50. Kxe2 Qd1+ 51. Ke3 c1=Q+ 52. Qxc1 Qxc1+
53. Kf3 Qc6+ 0-1

[Event "Tradewise Gibraltar 2016 - Chalengers A"]
[Site "Gibraltar ENG"]
[Date "2016.01.25"]
[Round "1.24"]
[White "Nordquelle, Daniel"]
[Black "Slinger, Tony J"]
[Result "1-0"]
[WhiteElo "2102"]
[BlackElo "1915"]
[PlyCount "69"]
[EventDate "2016.01.25"]
[EventType "swiss"]
[EventRounds "5"]
[EventCountry "ENG"]
[Source "lmi"]
[SourceDate "2016.01.25"]

1. e4 c5 2. c3 Nf6 3. e5 Nd5 4. d4 cxd4 5. Nf3 e6 6. cxd4 Nc6 7. Bd2 d6 8. Nc3
dxe5 9. dxe5 Nxc3 10. Bxc3 Qxd1+ 11. Rxd1 Bb4 12. Bb5 Bxc3+ 13. bxc3 Bd7 14.
Ng5 Rd8 15. Bxc6 bxc6 16. Ne4 Ke7 17. O-O Rb8 18. Rd6 Rhd8 19. Rfd1 Be8 20. Nc5
Rdc8 21. a4 a5 22. f4 Rb2 23. g4 Rc2 24. Rb1 Rxc3 25. Rb7+ Kf8 26. Nd7+ Bxd7
27. Rdxd7 Rc4 28. Rxf7+ Kg8 29. Rxg7+ Kh8 30. Rxh7+ Kg8 31. Rbg7+ Kf8 32. f5
Rb8 33. f6 Rb1+ 34. Kf2 Rb2+ 35. Kg3 1-0